000 00635nam a2200181Ia 4500
008 100921s9999 xx 000 0 und d
082 _b31777
_a891.463 थ 99
100 _aभावे पुरूषोत्तम भास्कर.
245 _aअकुलिना.
260 _bअक्षता प्रकाशन, पुणे.
_c1999
300 _a176
_bजयेश एजन्सी,पुणे.
365 _b115
520 _aललित-कादंबरी.
630 _aअकुलिना.
650 _aललित-कादंबरी.
730 _aअकुलिना.
942 _cBOOK
999 _c780890
_d780887